000
00293nam a2200121 a 4500
005
20141022142003.0
008
120307s19uu xx 00 eng d
050
_a
CD-ROM
_b
M85 2001
245
_a
Mosby's review questions for NCLEX-RN.
250
_a
4th ed.
260
_c
2001.
942
_c
AVM
999
_c
276370
_d
276370